Payday 2 Heists - Statistics

General Stats
  • This quiz has been taken 294 times
    230 since last reset
  • The average score is 31 of 89
Answer Stats
Hint Answer % Correct
The Dentist The Diamond
76%
Bain Bank Heist: Gold
67%
Bain Bank Heist: Cash
65%
Hector Rats
62%
The Dentist Golden Grin Casino
61%
The Dentist The Big Bank
61%
Bain Bank Heist: Deposit
60%
Classics First World Bank
60%
Locke The White House
59%
Bain Bank Heist: Random
56%
Bain Diamond Store
56%
Bain Cook Off
53%
The Dentist Hoxton Breakout
52%
Bain Shadow Raid
52%
Vlad Ukrainian Job
50%
Hector Firestarter
49%
Classics The Diamond Heist
49%
The Elephant Big Oil
48%
The Elephant Election Day
48%
The Dentist Hoxton Revenge
48%
Bain Jewelry Store
48%
Hector Watchdogs
48%
Jimmy Murky Station
45%
The Butcher The Bomb: Forest
44%
Vlad Four Stores
43%
The Elephant Framing Frame
43%
The Continential The Yacht Heist
43%
The Butcher Scarface Mansion
42%
Bain Art Gallery
41%
Classics Slaughterhouse
41%
Classics Counterfeit
39%
Classics Heat Street
39%
The Butcher The Bomb: Dockyard
39%
Jimmy Boiling Point
38%
The Dentist Hotline Miami
38%
Vlad Meltdown
37%
Classics No Mercy
37%
The Elephant The Biker Heist
37%
Bain Transport: Train
36%
Classics Green Bridge
35%
Vlad Nightclub
35%
Locke Birth of Sky
34%
The Continential Brooklyn 10-10
34%
Event Lab Rats
34%
Vlad Mallcrasher
34%
Vlad Goat Simulator
33%
Bain GO Bank
31%
Event Safe House Nightmare
31%
Locke Beneath The Mountain
30%
Classics Panic Room
30%
Event Prison Nightmare
30%
Bain Transport: Park
29%
Locke Brooklyn Bank
28%
Classics Undercover
28%
Vlad Aftershock
27%
Vlad Black Cat
27%
Jiu Feng Dragon Heist
27%
Vlad White Xmas
27%
Locke Henry's Rock
26%
Gemma McShay Midland Ranch
26%
Vlad Stealing Xmas
25%
Bain Transport: Harbor
25%
Locke Alaskan Deal
24%
Jiu Feng The Ukrainian Prisoner
24%
Locke Border Crossing
23%
Bain Car Shop
23%
Shayu Mountain Master
23%
Secret Safehouse Raid
21%
Bain Transport: Crossroads
21%
Locke Hell's Island
20%
Blaine Keegan Hostile Takeover
20%
Vlad Santa's Workshop
20%
Bain The Alesso Heist
20%
Bain Transport: Downtown
20%
Gemma McShay Lost In Transit
19%
Vlad San Martin Bank
19%
Locke Shacklethorne Auction
19%
Bain Transport: Underpass
19%
Bain Reservoir Dogs Heist
18%
Vlad Buluc's Mansion
17%
Escape Park
17%
Locke Border Crystals
16%
Locke Breakfast in Tijuana
16%
Locke Breakin' Feds
13%
Event Cursed Kill Room
12%
Escape Garage
9%
Escape Cafe
8%
Escape Overpass
8%
Escape Street
5%
No matching quizzes found
Score Distribution
Percent of People with Each Score
Percentile by Number Answered
Your Score History
You have not taken this quiz since the last reset